000 01032cam a22003617a 4500
003 CHAP
005 20220817042232.0
008 971013s1979 r 00010 d
010 _a38335
011 _a39307
035 _a43427
040 _cCHAP
082 _a631.521
_bF35 1979
110 _aFAO
245 0 _aLegislación de semillas
250 _a2 ed.
260 _aRoma :
_bFAO,
_c1979
300 _a118 p.
410 _aFAO
490 0 _aEstudios legislativos
_v;16/2
590 _aBATCH-UPD
_b10
_c20130110
_lUCH01
_h0159
590 _aBATCH-UPD
_b10
_c20130110
_lUCH01
_h1434
590 _aBATCH-UPD
_b10
_c20130410
_lUCH01
_h0909
590 _aBATCH-UPD
_b10
_c20130914
_lUCH01
_h1329
590 _aCONVERSION
_b10
_c20130109
_lUCH01
_h1321
650 1 4 _aSemillas
_xLegislación.
_9103908
700 0 _aBombín-Bombín, Luis M.
_913629
810 0 _aFAO
830 0 0 _aEstudios legislativos
_v;16/2
_938550
901 _aBK
942 _cLIBRO
949 _a631.521 F35 1979
_bBC
_cFAO
_d-99498
_eFAO1
_h17966
_i43427
_mD
_si
999 _c38335
_d38335